| 000 | 00468 a2200157 4500 | ||
|---|---|---|---|
| 005 | 20260330112321.0 | ||
| 008 | 260225b |||||||| |||| 00| 0 eng d | ||
| 020 | _a9788181430885 | ||
| 080 |
_a89H(047.53) _bYAD/J |
||
| 100 | _aYadav,Rajendra | ||
| 245 | _aJawab do vikramaditya(जवाब दो विक्रमादित्य) | ||
| 260 |
_bVani Prakashan. _aNew Delhi. _c2009. |
||
| 300 | _a267p. | ||
| 653 | _aInterviews-Hindi Literature | ||
| 942 | _cOO | ||
| 999 |
_c114102 _d114101 |
||